[Event "Moscow op (Women)"]
[Site "Moscow"]
[Date "2009.02.03"]
[Round "4"]
[White "Severina, Maria"]
[Black "Kurmaeva, Nailia"]
[Result "0-1"]
[WhiteElo "1940"]
[BlackElo "1400"]
[PlyCount "72"]
[EventDate "2009.01.31"]
[EventType "swiss"]
[EventRounds "9"]
[EventCountry "RUS"]
[SourceTitle "EXT 2012"]
[Source "ChessBase"]
[SourceDate "2011.11.24"]
[SourceVersion "1"]
[SourceVersionDate "2011.11.24"]
[SourceQuality "1"]

1. d4 Nf6 2. c4 e6 3. Nc3 Bb4 4. Bd2 b6 5. Nf3 Bb7 6. e3 Be7 7. Bd3 c5 8. 0-0 a6 9. e4 cxd4 10. Nxd4 d6 11. Rc1 Nbd7 12. Be3 Nc5 13. f3 Nxd3 14. Qxd3 Rc8 15. Rfd1 0-0 16. Qe2 Qc7 17. Na4 Nd7 18. b3 Qb8 19. Qf2 Ba8 20. Nc3 Rfe8 21. Qg3 Bf8 22. Qf2 Ne5 23. Qe2 Nc6 24. Nxc6 Bxc6 25. a4 Qb7 26. Qf2 b5 27. cxb5 axb5 28. Rc2 bxa4 29. bxa4 Bxa4 30. Nxa4 Qb3 31. Rdc1 Rxc2 32. Qxc2 Qxe3+ 33. Kf1 Ra8 34. Rb1 Rxa4 35. Rc1 Ra2 36. Qxa2 Qxc1+ 0-1